| 000 | 00537nam a2200169 i 4500 | ||
|---|---|---|---|
| 001 | 57000 | ||
| 003 | ES-MaACL | ||
| 005 | 20230906163507.0 | ||
| 007 | t| | ||
| 008 | 031014s1972 sp ||||1| spa d | ||
| 245 | 0 | 0 | _aDirectorio de las empresas de más de 50 productores. |
| 260 |
_a[Madrid : _bEdic. y Publ. Populares, _c1972] |
||
| 300 |
_a444 p. ; _c24 cm. |
||
| 500 | _aPrecede al tít.: Servicio Sindical de Estadística. | ||
| 710 | 2 |
_aServicio Sindical de Estadística (España) _9164510 |
|
| 852 |
_aES-MaACL _jC-48912 _bR.83989 |
||
| 999 |
_c57000 _d57000 |
||